1224 1158 1065 1385 1498 1233 1257 1046 1848 1048 1591 1224 1564 1184 1865 1792 1921 1344 1658 1545 1781 1177 1907 1470 1356 1842 1414 1419 1163 1943 1841 1117 1686 1747 1190 1498 1071 1008 1901 1733 1998 1203 1640 1391 1225 1831 1068 1827 1409 1097 1867 1571 1272 1916 1058 1429 1221 1468 1255 1664 1192 1546 1442 1015 1947 1452 1710 1751 1602 1154 1314 1716 1217 1397 1042 1954 1556 1495 1873 1850 1624 1633 1324 1316 1050 1587 1054 1901 1487 1745 1360 1764 1197 1914 1770 1891 1065 1728 1908 BCNSPRNW ULIB Ver.6.0+V

เปลี่ยนเป็นภาษาไทย

Change to English
 แสดงรายละเอียดบรรณานุกรม
  กลับหน้าหลัก

Brief Record : Get Marc (ISO 2709) : E-mail record : QR code < ปิดหน้าต่าง
LEADER : 00000nam 2200000uu 4500
001    13399110923
003     ULIB
008    110613s||||||||th 000 0 tha d
020    9749183320
050  4 AC158^bบ293ด 2004
100    บาร์บารา เทเลอร์
245    เด็กๆรู้ไหมทำไมสบู่มีฟอง ^cผู้แต่ง บาร์บารา เทเลอร์
260    กรุงเทพฯ : ^bโกรเลียร์ อินเตอร์เนชั่นแนล, ^c2004
300    32 หน้า : ^bภาพประกอบสี ; ^c28 ซม.
650  7 ความรู้รอบตัว
650  7 สบู่
945    ^p350^l0^i029030
995    ทศพร
999 ^a ใช้งานได้ทุกระบบ
รายการนี้ยังไม่มีแท็ก
คุณยังไม่ได้ล็อกอิน คุณสามารถมีกิจกรรมร่วมกับเว็บไซต์ได้ แต่ต้องล็อกอินก่อน ::
  ล็อกอิน

รายการสื่อสารสนเทศ

ลำดับที่ ประเภท เลขเรียก/บาร์โค้ด สถานที่ สถานะ
- ไม่พบข้อมูล -

รายการใกล้เคียง
    ผู้แต่ง [บาร์บารา เทเลอร์]

    หัวเรื่อง [ความรู้รอบตัว]

BibComment


ยังไม่เคยถูกคอมเมนท์

คอมเมนท์ทรัพยากรรายการนี้
  คอมเมนท์: เด็กๆรู้ไหมทำไมสบ..


 Copyright 2026. Bcnsprnw @Library